000 00317nam a22001457a 4500
008 210225b ||||| |||| 00| 0 eng d
020 _a080166318
041 _aeng
080 _a32
082 _a32
100 _a20
101 _aSHP
245 _aImplementing Shared Governance
_cO'Grady, T.P
942 _2udc
_cBK
999 _c55188
_d55188